000 00601nam a2200205Ia 4500
005 20250508165214.0
008 008 250505s9999 xx 000 0 eng d
020 _a978-81-203-4544-7
037 _aTextBook
040 _aFEDL
_beng
_cFEDL
041 _aeng
_2eng
084 _a001.42, CRE/R
_qFEDL
100 _aCreswell John W
245 0 _aQualitative inquiry and research design: Choosing among five traditions
260 _aThousand Oaks, Calfornia
_bSage
_c1998
300 _axv, 403p.
365 _aUSD
_b59.95
942 _cTB
_h001.42, CRE/R
999 _c1393780
_d1393780